Statistics for nba facts

Click here to take the quiz!

General Stats

  • This quiz has been taken 8 times
  • The average score is 6 of 15

Answer Stats

QuestionAnswer% Correct
whick player has not played for the knickspat bev
83%
which one of these players pulled a gun out on their teammategilbert arenas
67%
which one of these players are older than 40haslem
67%
who got crossed by ai when he was rookjordan
67%
which nba player cheated on their wifekobe
67%
what player is the worst out of these players in their primenumero dos splash brother
67%
which player is the worst rnbenny sims
50%
which one is the worst all timevuccevic
50%
whick player is the worst in their primejonas val
33%
which players nickname is not a gun referencetmac
33%
which of these players were drafted firstayton
17%
which one is the worst in their primesleonard
17%
which one of these players dated a youtubergobert
0%
which one is the worst playmaker in their primekidd
0%
which one is the least dominant in their eraoneal
0%

Score Distribution

Percentile by Number Answered

Percent of People with Each Score

Your Score History

You have not taken this quiz